000
00316nam a2200133Ia 4500
005
20251222142008.0
008
251222s9999||||xx |||||||||||||| ||spa||
082
_a
261.52/T18
100
_a
Tamayo Pinto-Bazurco, Manuel
245
0
_a
Educar para Comunicar
250
_a
2da.ed.
264
_b
Infobrax
942
_c
LIB
999
_c
10246
_d
10246